|
|
|
|
| LEADER |
00000 a a2200000 04500 |
| 001 |
10530 |
| 003 |
|
| 040 |
|
|
|
| 090 |
|
|
|a 136600
|
| 110 |
|
|
|a CEPAL. Comité Especial sobre Población y Desarrollo
|
| 245 |
|
|
|a América Latina y el Caribe: examen y evaluación de la ejecución del Programa de Acción de la Conferencia Internacional sobre la Población y el Desarrollo
|
| 260 |
|
|
|a Santiago:
|b CEPAL
|
| 300 |
|
|
|a 47 p.
|
| 650 |
|
|
|a POBLACION
|
| 650 |
|
|
|a DESARROLLO ECONOMICO Y SOCIAL
|
| 650 |
|
|
|a EVALUACION DE PROGRAMAS
|
| 650 |
|
|
|a ASPECTOS ECONOMICOS
|
| 650 |
|
|
|a ASPECTOS SOCIALES
|
| 650 |
|
|
|a DERECHOS HUMANOS
|
| 650 |
|
|
|a SOCIEDAD
|
| 650 |
|
|
|a COOPERACION INTERNACIONAL
|
| 650 |
|
|
|a INDICADORES
|
| 650 |
|
|
|a POLITICA GUBERNAMENTAL
|
| 999 |
|
|
|c 1638
|d 1638
|